000 00364nam a2200145Ia 4500
005 20251222152034.0
008 251222s9999||||xx |||||||||||||| ||spa||
020 _a9786124118340
082 _a348.503.4/A66
100 _aArancibia Cueva, Meguel
245 0 _aManual del Código Tributario:
250 _a1ra. ed.
264 _bPacífico Editores
942 _cLIB
999 _c25787
_d25787